000 00324nam a2200145Ia 4500
100 _aRabaey/Jan M
650 _adigital integrated circuits
942 _cBK
366 _f27
245 _aDigital integrated circuits
260 _bprentice hall
_c2015
082 _a621.3815
_bRAB
546 _aENGLISH
_cTTL
999 _c31837
_d31837